000 01223cam a2200289 i 4500
001 58732
005 20191004132001.0
008 140415s2011 mx ab r 000 0 spa d
020 _a9786074873665
040 _aMX-PuUPA
_bspa
_erda
_cMx-PuUPA
_dMx-PuUPA
041 _aspa
082 0 _a325.2720973
_bMIG
245 0 0 _aMigraciones en la huasteca poblana :
_bactores y procesos /
_cMa. Eugenia DAubetterre Buznego, Ma. Leticia Rivermar Pérez, editoras.
250 _aPrimera edición
264 1 _aPuebla, Pue. :
_bInstituto de Ciencias Sociales y Humanidades "Alfonso Vélez Pliego", Benemérita Universidad Autónoma de Puebla,
_c2011
300 _a174 páginas :
_bilustraciones, mapas ;
_c24 cm.
336 _atexto
_2rdacontent
337 _asin mediación
_2rdamedia
338 _avolumen
_2rdacarrier
650 4 _aMigrantes
_zMéxico
_zPahuatlan del Valle
650 4 _aMexicanos
_zEstados Unidos
650 4 _aIndígenas aztecas
_zMéxico
_zSierra Norte (Oaxaca)
651 4 _aPahuatlán del Valle (México)
_xEmigración e inmigración
700 1 _aDAubetterre Buznego, Ma. Eugenia,
_eeditor
700 1 _aRivermar Pérez, María Leticia
_eeditor
_91135
999 _c58732
_d58732
942 _h325.2720973
_iMIG
_cLI